Demographic profiles of smokeless tobacco users in the U.S

Gespeichert in:  
Bibliographische Detailangaben
VerfasserInnen: Timberlake, D.S. (Verfasst von) ; Huh, Joonsuk 1978- (Verfasst von)
Medienart: Elektronisch Aufsatz
Sprache:Englisch
Veröffentlicht: 2009
In: American journal of preventive medicine
Jahr: 2009, Band: 37, Heft: 1, Seiten: 29-34
Online-Zugang: Volltext (lizenzpflichtig)
Verfügbarkeit prüfen: HBZ Gateway

MARC

LEADER 00000caa a22000002c 4500
001 1912508508
003 DE-627
005 20250123055002.0
007 cr uuu---uuuuu
008 241217s2009 xx |||||o 00| ||eng c
024 7 |a 10.1016/j.amepre.2009.03.010  |2 doi 
035 |a (DE-627)1912508508 
035 |a (DE-599)KXP1912508508 
040 |a DE-627  |b ger  |c DE-627  |e rda 
041 |a eng 
084 |a 2,1  |2 ssgn 
100 1 |a Timberlake, D.S.  |e VerfasserIn  |4 aut 
245 1 0 |a Demographic profiles of smokeless tobacco users in the U.S 
264 1 |c 2009 
336 |a Text  |b txt  |2 rdacontent 
337 |a Computermedien  |b c  |2 rdamedia 
338 |a Online-Ressource  |b cr  |2 rdacarrier 
700 1 |a Huh, Joonsuk  |d 1978-  |e VerfasserIn  |0 (DE-588)143631322  |0 (DE-627)647711133  |0 (DE-576)338072616  |4 aut 
773 0 8 |i Enthalten in  |t American journal of preventive medicine  |d Amsterdam [u.a.] : Elsevier Science, 1985  |g 37(2009), 1, Seite 29-34  |h Online-Ressource  |w (DE-627)320601552  |w (DE-600)2020236-2  |w (DE-576)255692846  |x 1873-2607  |7 nnas 
773 1 8 |g volume:37  |g year:2009  |g number:1  |g pages:29-34 
787 0 8 |i Forschungsdaten  |a United States Department of Health and Human Services. Substance Abuse and Mental Health Services Administration. Office of Applied Studies  |t National Survey on Drug Use and Health, 2005  |d [Erscheinungsort nicht ermittelbar] : [Verlag nicht ermittelbar], 2006  |w (DE-627)1840045264 
787 0 8 |i Forschungsdaten  |a United States Department of Health and Human Services. Substance Abuse and Mental Health Services Administration. Office of Applied Studies  |t National Survey on Drug Use and Health, 2004  |d [Erscheinungsort nicht ermittelbar] : [Verlag nicht ermittelbar], 2006  |w (DE-627)1840045272 
787 0 8 |i Forschungsdaten  |a United States Department of Health and Human Services. Substance Abuse and Mental Health Services Administration. Office of Applied Studies  |t National Survey on Drug Use and Health, 2003  |d [Erscheinungsort nicht ermittelbar] : [Verlag nicht ermittelbar], 2004  |w (DE-627)1840045280 
856 4 0 |u https://doi.org/10.1016/j.amepre.2009.03.010  |x Resolving-System  |z lizenzpflichtig  |3 Volltext  |7 1 
935 |a mkri 
951 |a AR 
ELC |a 1 
LOK |0 000 xxxxxcx a22 zn 4500 
LOK |0 001 4637474000 
LOK |0 003 DE-627 
LOK |0 004 1912508508 
LOK |0 005 20241217044316 
LOK |0 008 241217||||||||||||||||ger||||||| 
LOK |0 035   |a (DE-2619)ICPSR83442 
LOK |0 040   |a DE-2619  |c DE-627  |d DE-2619 
LOK |0 092   |o n 
LOK |0 852   |a DE-2619 
LOK |0 852 1  |9 00 
LOK |0 935   |a nacp 
LOK |0 939   |a 17-12-24  |b l01 
ORI |a SA-MARC-krimdoka001.raw